000 00750nam a2200253Ia 4500
003 OSt
005 20221007110957.0
006 a|||||r|||| 00| 0
007 ta
008 221006b |||||||| |||| 00| 0 eng d
024 _a22,307
037 _cTextual
040 _aLCO
_cLCO
_beng
041 _2eng
_aeng
082 _aX7291:(Z2,81y7), M1
100 _aMerchant M.G.
_9708159
245 0 _a25 Year's Supreme Court Decisions on Central Sales Tax Act, 1956 Foreword by Justice Mr. G.T. Nanavati
250 _a1st
260 _aIndore
_bWadhwa and Company India
_c1981
300 _a228
650 _aCENTRAL SALES TAX
_9708160
942 _hX7291:(Z2,81y7), M1
_cTEXL
999 _c1191870
_d1191870